| 000 | 00798 a2200205 4500 | ||
|---|---|---|---|
| 003 | NUST | ||
| 005 | 20251125134626.0 | ||
| 040 | _cNust | ||
| 082 | _a621.382,MAH | ||
| 100 |
_aMehmood, Salman (TCC-20) _9132073 |
||
| 245 |
_aSimulation of virtual sensors over internet / _cSalman Mehmood. Wasif Arshan, Omar Ali and Imran Khan TCC-20 |
||
| 260 |
_aRawalpindi _bMCS (NUST) _cJune 2012 |
||
| 300 | _aix, 56.; | ||
| 505 | _aIntroduction (Page-1), Components used in the Project (Page-6), System Modules (Page-10), Future Enhancements and Applications (Page-34), Bibliography (Page-56). | ||
| 600 |
_aSimulation of virtual sensors over internet TCC-20 _9132074 |
||
| 650 |
_aUG Projects _998716 |
||
| 651 |
_aTCC-20 _9131219 |
||
| 700 |
_aSupervised by Dr. Adil Masood _9132075 |
||
| 942 |
_2ddc _cPR |
||
| 999 |
_c190661 _d190661 |
||